000 01056nam a22003017a 4500
001 7372
003 FISKH
005 20250711084354.0
008 250710b cb ||||| |||| 00| 0 eng d
020 _a046594005953
040 _aFISKH
_beng
_cFISKH
_dFISKH
050 _aPZ7.C5792 R
082 _a813.54
100 _aCleary, Beverly
245 _aRalph S. Mouse /
_cBy Beverly Cleary : Illustrated by Paul O. Zelinsky
250 _aFirst Harper Trophy edition , 2000
260 _aNew York :
_bHarper Trophy ,
_c1982.
300 _a159 pages :
_billustrations ;
_c20 cm .
505 _aN
520 _aPresents the further adventures of a motorcycle-riding mouse who goes to school and becomes the instigator of an investigation of rodents and the peacemaker for two lonely boys.
521 8 _a580
_bLexile estimate
521 8 _aN
_bRaz-Plus
650 _aTalking animals
_vJuvenile Literature
650 _aMouse
_vJuvenile Literature
700 _aZelinsky, Paul O.
_eIllustrator
942 _2ddc
_cBK
_n0
999 _c7372
_d7372